000 00505cam a2200193ua 4500
001 10725
008 190330n ii |||gr||||Z||||||eng
020 _a9780198075929
040 _cMAIN
082 _a320.954
100 _aNiraja Gopal Jayal,
_eAuthor.
245 _aThe oxford companion to politics in india
250 _a9th imp.
260 _aNew Delhi:
_bOxford university press,
_c2016.
300 _a618p.
653 _aPolitical science
700 _aPratap Bhanu Mehta,
_eAuthor.
942 _cBK
999 _c9692
_d9692